| 000 | 00349nam a2200133Ia 4500 | ||
|---|---|---|---|
| 005 | 20260328104331.0 | ||
| 008 | 260328s9999||||xx |||||||||||||| ||und|| | ||
| 100 | _aKirschenmann, Jörg C. | ||
| 245 | 0 |
_aVivienda y Espacio Público / _cJörg C. Kirschenmann |
|
| 260 | _bGustavo Gili | ||
| 300 | _a160 p. | ||
| 650 | _aESPACIO PUBLICO | ||
| 942 | _cBK | ||
| 999 |
_c11698 _d11698 |
||